| 000 | 00575nam a2200193 i 4500 | ||
|---|---|---|---|
| 001 | 78259 | ||
| 003 | ES-MaACL | ||
| 005 | 20240416094211.0 | ||
| 007 | t| | ||
| 008 | 041013s1967 sp ||||1| spa d | ||
| 100 | 1 |
_aHarden, Donald. _961810 |
|
| 245 | 1 | 4 |
_aLos fenicios / _cDonald Harden ; [traducción de Enrique A. Llobregat]. |
| 250 | _a[1ª ed.]. | ||
| 260 |
_aBarcelona : _bAymá, _c[1967] |
||
| 300 |
_a346 p., 24 lám. : _bil. ; _c21 cm. |
||
| 700 | 1 |
_aLlobregat, Enrique A., _d1941-2003 _972805 |
|
| 852 |
_aES-MaACL _jC-33070 _bR.63397 |
||
| 999 |
_c78259 _d78259 |
||